00843nai a2200193Ia 4500003000900000008004100009022002200050022002300072040001600095245011800111260008600229310001100315362003000326521006900356650004700425650004000472650004400512856009300556IN-BaIIA211028c9999 xx s 000 0 eng d a0097-2452 (Print) a2379-674X (Online) cIIA Library 0aTransactions of the American Institute of Electrical Engineers, Part I: Communication and Electronicsh[eJournal] aNew York, USAbThe Institute of Electrical and Electronics Engineers, Inc. (IEEE) a5/year a71(1); 1952 - 82(5); 1963 bSubscribed through National Knowledge Resource Consortium (NKRC) a Components, Circuits, Devices and Systems a Fields, Waves and Electromagnetics aPower, Energy and Industry Applications uhttps://ieeexplore.ieee.org/servlet/opac?punumber=6367273yClick Here to Access eJournal